Vzdelávanie školských manažérov v zahraničí

Komparácia vzdelávania školských manažérov vo vybraných krajinách Európy, amerického kontinentu a na Novom Zélande. Hľadiská porovnávania: poskytovatelia tohto vzdelávania, názov štúdijných programov, sledovaný cieľ pri vzdelávaní a jeho záväznosti pre vymenovanie do manažérskej funkcie.

Gespeichert in:
Bibliographische Detailangaben
1. Verfasser: Obdržálek, Zdeněk
Weitere Verfasser: Polák, Jozef
Format: Buchkapitel
Sprache:Slowakisch
Schlagworte:
Tags: Tag hinzufügen
Keine Tags, Fügen Sie das erste Tag hinzu!

MARC

LEADER 00000naa$a2200000$$$4500
001 0059918
005 20231010124435.9
041 0 |a slo 
044 |a SK 
245 1 0 |a Vzdelávanie školských manažérov v zahraničí  |c Zdeněk Obdržálek, Jozef Polák 
520 |a Komparácia vzdelávania školských manažérov vo vybraných krajinách Európy, amerického kontinentu a na Novom Zélande. Hľadiská porovnávania: poskytovatelia tohto vzdelávania, názov štúdijných programov, sledovaný cieľ pri vzdelávaní a jeho záväznosti pre vymenovanie do manažérskej funkcie. 
610 2 0 |a vzdelávanie 
610 2 0 |a manažéri 
610 2 0 |a školy 
610 2 0 |a porovnanie medzinárodné 
100 1 |a Obdržálek, Zdeněk 
700 1 |a Polák, Jozef